Terrassa : territori postal : les targetes postals terrassenques (1900-1920) / Rafel Comes i Ezequiel, Ana Fernández Álvarez, Montse Saludes i Closa territori postal :
Descripción Física:
110 p. : il. ; 30 cm
Colección:
Joan Arnella ; 4
MARC
| LEADER | 00000nam a2200000Ia 4500 | ||
|---|---|---|---|
| 001 | 22079 | ||
| 003 | BGR | ||
| 005 | 20260324175736.0 | ||
| 008 | 160829s2009 xx 000 0 cat d | ||
| 080 | |a A-3-3 | ||
| 100 | |a Comes i Ezequiel, Rafel |9 39690 | ||
| 245 | |a Terrassa : |b territori postal : |b les targetes postals terrassenques (1900-1920) / Rafel Comes i Ezequiel, Ana Fernández Álvarez, Montse Saludes i Closa | ||
| 260 | |a Terrassa : |b Ajuntament de Terrassa. Arxiu Municipal, |c 2009 | ||
| 300 | |a 110 p. : |b il. ; |c 30 cm | ||
| 490 | |a Joan Arnella ; 4 | ||
| 650 | |a Targetes postals |x Terrassa |x Història |9 39691 | ||
| 650 | 0 | |a Arxius |x Catàlegs |9 39692 | |
| 700 | |a Fernández Álvarez, Ana |9 39693 | ||
| 700 | |a Saludes i Closa, Montse |9 39694 | ||
| 710 | 1 | |a Terrassa (Catalunya). |b Ajuntament |9 51450 | |
| 710 | 1 | |a Arxiu Municipal de Terrassa |9 70499 | |
| 901 | |a Arxiu | ||
| 942 | |n 1 |2 udc |c MON | ||
| 952 | |0 0 |1 0 |4 0 |6 A33 |7 1 |9 49165 |a Arxiu |b Arxiu |d 2016-12-01 |l 0 |o A-3-3 |p 22079 |r 2016-12-01 00:00:00 |w 2016-12-01 |y ARXIU | ||
| 999 | |c 53004 |d 53004 | ||